| 000 | 00000nam##2200000za#4500 |
| 001 | 9.574819 |
| 003 | CaOODSP |
| 005 | 20210624184352 |
| 007 | cr ||||||||||| |
| 008 | 150406|2010||||xxc|||||o f|0| 0 eng|d |
| 040 | |aCaOODSP|beng |
| 043 | |an-cn--- |
| 086 | 1 |aT41-1/75E-PDF |
| 110 | 1 |aCanada. |bTransport Canada. |
| 245 | 10|aTDM strategies during transportation disruptions and episodic events |h[electronic resource] |
| 260 | |aOttawa - Ontario : |bTransport Canada |c[2010]. |
| 300 | |a8p.|bcoloured figs., references, photographs |
| 490 | 1 |aCase studies in sustainable transportation |vIssue paper 75 |
| 500 | |aAt head of title: Urban Transportation Showcase Program. |
| 590 | |a12-36-Supp|b2012-08-22 |
| 775 | 08|tStratégies de GDT durant les perturbations des services de transport et les événements épisodiques |w(CaOODSP)9.604544 |
| 830 | #0|aCase studies in sustainable transportation ;|vIssue paper 75|w(CaOODSP)9.506851 |
| 856 | 40|ahttp://publications.gc.ca|qPDF|s249 KB|uhttps://publications.gc.ca/collections/collection_2012/tc/T41-1-75-eng.pdf|yIssue paper 75 |
| 986 | |aTP: 14970E |